Người thành phố Dublin
Uloženo v:
| Hlavní autor: | |
|---|---|
| Médium: | Kniha |
| Jazyk: | Undetermined |
| Vydáno: |
Đồng Nai
Đồng Nai
2003
|
| Témata: | |
| Tagy: |
Přidat tag
Žádné tagy, Buďte první, kdo otaguje tento záznam!
|
| Thư viện lưu trữ: | Trung tâm Học liệu Trường Đại học Cần Thơ |
|---|
| LEADER | 00587nam a2200205Ia 4500 | ||
|---|---|---|---|
| 001 | CTU_58318 | ||
| 008 | 210402s9999 xx 000 0 und d | ||
| 020 | |b 21000 | ||
| 082 | |a 428.64 | ||
| 082 | |b B612 | ||
| 100 | |a Maeve Binchy | ||
| 245 | 0 | |a Người thành phố Dublin | |
| 245 | 0 | |c Maeve Binchy, Trịnh Xuân Hùng biên dịch | |
| 260 | |a Đồng Nai | ||
| 260 | |b Đồng Nai | ||
| 260 | |c 2003 | ||
| 650 | |a english language,english language | ||
| 650 | |x readers,for foreigners | ||
| 904 | |i Minh | ||
| 980 | |a Trung tâm Học liệu Trường Đại học Cần Thơ | ||